000 00730nam a2200265 i 4500
001 C2-0311766
003 PPAK
005 20180728103542.0
008 110803s2011 my a|||| ||||| | chi d
020 _a9789830047522
040 _aPPAK
_beng
_cPPAK
_erda
082 0 4 _a495.1
_223
090 0 0 _a495.1
_bCHI
_dR
100 1 _aChia, Lee Chan,
_eauthor
245 1 0 _aBahasa Mandarin
264 1 _aBangi, Selangor :
_bPenerbitan Pelangi ,
_c2011
300 _a376 pages :
_billustrations ;
_c26 cm.
336 _2rdacontent
_atext
337 _2rdamedia
_aunmediated
338 _2rdacarrier
_avolume
490 1 _aFocus 1 SPM
650 1 0 _aChinse language - Study and teaching
830 0 _aFocus 1 SPM
942 _ddc
_cB
999 _c113959
_d113959